[Event "XIII TCh-RUS 1st League"]
[Site "Sochi RUS"]
[Date "2006.04.27"]
[Round "8"]
[White "Yurtaev,L"]
[Black "Kostin,Alexe"]
[Result "1/2-1/2"]
[WhiteElo "2519"]
[BlackElo "2420"]

1.e4 c5 2.Nf3 e6 3.d4 cxd4 4.Nxd4 a6 5.Nc3 Qc7 6.g3 Nf6 7.Bg2 Nc6 8.O-O Nxd4
9.Qxd4 Bc5 10.Qd2 h6 11.Na4 Be7 12.c4 d6 13.b3 Bd7 14.Nc3 Rc8 15.Bb2 b5 16.cxb5 axb5
17.Rfc1 Qb8 18.a4 O-O 19.a5 Bc6 20.Qe2 Nd7 21.Nd5 Bg5 22.f4 Bd8 23.Nb4 Ba8
24.Rxc8 Qxc8 25.Qxb5 Nc5 26.Rc1 Qb7 27.Qxb7 Bxb7 28.a6 Nxa6 29.Nxa6 Bxa6
30.Rc6 Bb5 31.Rxd6 Be7 32.Rd2 Bc5+ 33.Kh1 Bb4 34.Rd1 Ra8 35.h4 Ra2 36.Be5 Bd2
37.Bf3 Bc6 38.b4 Bxb4 39.Rd8+ Bf8 40.Rc8 Bb7 41.Rc7 Ba8 42.Kg1 Ra7  1/2-1/2

[Event "8th Dubai Open"]
[Site "Dubai UAE"]
[Date "2006.04.28"]
[Round "6"]
[White "Velikhanli,F"]
[Black "Mohannad,A"]
[Result "1-0"]
[WhiteElo "2326"]
[BlackElo "2160"]

1.e4 c5 2.Nf3 e6 3.Nc3 a6 4.d4 cxd4 5.Nxd4 Qc7 6.Be2 Nc6 7.O-O b5 8.Be3 Bb7
9.f4 b4 10.Na4 Nf6 11.Bf3 Na5 12.e5 Nd5 13.Bf2 Nc4 14.Bxd5 Bxd5 15.b3 Na3
16.Rc1 Qb7 17.Qg4 h5 18.Qh3 Be7 19.c4 Be4 20.c5 Rc8 21.c6 dxc6 22.Nc5 Bxc5
23.Rxc5 g6 24.Nxe6 Bd5 25.Ng5 Qd7 26.e6 fxe6 27.Qd3 Kd8 28.Qxa6 Rf8 29.Qa5+ Qc7
30.Rxd5+  1-0

[Event "XXIV Open"]
[Site "Metz FRA"]
[Date "2006.04.28"]
[Round "7"]
[White "Draoui,N"]
[Black "Miezis,N"]
[Result "1-0"]
[WhiteElo "2369"]
[BlackElo "2496"]

1.e4 c5 2.Nf3 e6 3.d4 cxd4 4.Nxd4 a6 5.Nc3 Qc7 6.Bd3 Nc6 7.Nxc6 dxc6 8.O-O e5
9.f4 Nf6 10.Kh1 Bd6 11.f5 b6 12.Be3 Bb7 13.Qe2 h5 14.Rf3 c5 15.Bg5 b5 16.b3 Rc8
17.Bxf6 gxf6 18.Rb1 Qa5 19.Qd1 Ke7 20.Qe1 Bc7 21.a4 Bc6 22.axb5 axb5 23.Ra1 Qb6
24.Bxb5 Rhd8 25.Ra6 Qxb5 26.Nxb5 Bxb5 27.Ra1 Bb6 28.h3 Rd4 29.c3 Rdd8 30.Kh2 Rc7
31.c4 Bc6 32.Ra6 Rb7 33.b4 Rc8 34.Rb3 Bd8 35.b5 Ke8 36.Qh4 Bb6 37.Rd3 Rcb8
38.Rd5  1-0

[Event "8th Dubai Open"]
[Site "Dubai UAE"]
[Date "2006.04.29"]
[Round "7"]
[White "Safarli,E"]
[Black "Pourkashiyan,A"]
[Result "1-0"]
[WhiteElo "2417"]
[BlackElo "2311"]

1.e4 c5 2.Nf3 e6 3.d4 cxd4 4.Nxd4 a6 5.Nc3 Qc7 6.g3 Bb4 7.Bd2 Nc6 8.Nxc6 dxc6
9.Bg2 Nf6 10.O-O Be7 11.h3 O-O 12.f4 Rd8 13.Qe1 e5 14.Kh1 Nh5 15.Ne2 exf4
16.gxf4 Be6 17.Be3 f5 18.e5 Bd5 19.Qf2 Bxg2+ 20.Qxg2 g6 21.Nd4 Ng7 22.Rad1 Rd7
23.Rd3 c5 24.Ne2 Rxd3 25.cxd3 Rd8 26.d4 cxd4 27.Nxd4 Bc5 28.Nc2 Ne6 29.Qf3 Rd3
30.Re1 Qd7 31.Re2 g5 32.Qg2 Be7 33.Ne1 Rd1 34.Kh2 Kh8 35.fxg5 Qb5 36.Nf3 f4
37.Bd2 Qd3 38.Bc3 Qf5 39.h4 Bc5 40.Rd2 Qb1 41.Rxd1 Qxd1 42.h5 b5 43.a3 Be3
44.Bb4 Qb1 45.Kh3 Qe4 46.Bc3 Kg8 47.Kg4 Ng7 48.Kh3 Nf5 49.Ne1 f3 50.Nxf3 Bf4
51.Nh4 Qd3+ 52.Qf3 Qxf3+ 53.Nxf3 Bc1 54.Nd4 Nxd4 55.Bxd4 Bxg5 56.Kg4 Bc1
57.e6 Kf8 58.Bf6 a5 59.Kf5 a4 60.Ke4 Bd2 61.Kd5 b4 62.Kc4 bxa3 63.bxa3 h6
64.Kb5 Bg5 65.Bxg5 hxg5 66.h6 g4 67.h7  1-0

[Event "XIII TCh-RUS"]
[Site "Sochi RUS"]
[Date "2006.04.29"]
[Round "10"]
[White "Movsesian,S"]
[Black "Rublevsky,S"]
[Result "1/2-1/2"]
[WhiteElo "2618"]
[BlackElo "2687"]

1.e4 c5 2.Nf3 e6 3.Nc3 a6 4.d4 cxd4 5.Nxd4 Nc6 6.Be2 d6 7.Be3 Bd7 8.a4 Nf6
9.O-O Be7 10.f4 Nxd4 11.Bxd4 Bc6 12.Bd3 O-O 13.Qf3 Nd7 14.Qh3 e5 15.Be3 exf4
16.Bxf4 Ne5 17.Kh1 Bf6 18.Rad1 Nxd3 19.cxd3 Bxc3 20.bxc3 Bxa4 21.Ra1 Bc6
22.Qg3 f5 23.Bxd6 Rf6 24.Bc7 Qd7 25.exf5 Re8 26.Rf2 Rxf5 27.Bb6 Rxf2 28.Bxf2 Re6
29.Re1 Rg6  1/2-1/2

[Event "XIII TCh-RUS"]
[Site "Sochi RUS"]
[Date "2006.04.29"]
[Round "10"]
[White "Movsesian,S"]
[Black "Rublevsky,S"]
[Result "1/2-1/2"]
[WhiteElo "2618"]
[BlackElo "2687"]

1.e4 c5 2.Nf3 e6 3.Nc3 a6 4.d4 cxd4 5.Nxd4 Nc6 6.Be2 d6 7.Be3 Bd7 8.a4 Nf6
9.O-O Be7 10.f4 Nxd4 11.Bxd4 Bc6 12.Bd3 O-O 13.Qf3 Nd7 14.Qh3 e5 15.Be3 exf4
16.Bxf4 Ne5 17.Kh1 Bf6 18.Rad1 Nxd3 19.cxd3 Bxc3 20.bxc3 Bxa4 21.Ra1 Bc6
22.Qg3 f5 23.Bxd6 Rf6 24.Bc7 Qd7 25.exf5 Re8 26.Rf2 Rxf5 27.Bb6 Rxf2 28.Bxf2 Re6
29.Re1 Rg6 30.Qb8+ Kf7 31.Qf4+ Rf6 32.Qg3 Rg6 33.Qf4+ Rf6 34.Qg3 Rg6 35.Qf4+  1/2-1/2

[Event "Classics GMB"]
[Site "Gausdal NOR"]
[Date "2006.04.30"]
[Round "8"]
[White "Bentsen,O"]
[Black "Nordstrom,F"]
[Result "0-1"]
[WhiteElo "2211"]
[BlackElo "2178"]

1.e4 c5 2.Nf3 e6 3.d4 cxd4 4.Nxd4 a6 5.Nc3 Qc7 6.a3 Nc6 7.Be2 Nf6 8.O-O Be7
9.Be3 O-O 10.f4 d6 11.Nb3 b5 12.Bf3 Bb7 13.Qe2 Rac8 14.Qf2 Nd7 15.Be2 Bf6
16.Nd4 Nxd4 17.Bxd4 e5 18.fxe5 Bxe5 19.Bg4 Rcd8 20.Bxd7 Qxd7 21.Bxe5 dxe5
22.Rad1 Qc7 23.Qe3 g6 24.Qg5 Rd4 25.Rxd4 exd4 26.Nd5 Bxd5 27.Qxd5 Qxc2 28.Qxd4 Qc7
29.Qd5 Rd8 30.Qb3 Qb6+ 31.Kh1 Qe6 32.Qe3 Re8 33.Re1 Qe5 34.Qb3 Kg7 35.a4 f5
36.axb5 axb5 37.Ra1 Re7 38.h3 fxe4 39.Re1 e3 40.Qc2 h5 41.Kg1 Kh6 42.Qe2 b4
43.Rd1 Qe4 44.Rd3 Kh7 45.Kh2 Qxd3  0-1

[Event "XXIV Open"]
[Site "Metz FRA"]
[Date "2006.04.30"]
[Round "9"]
[White "Guez,F"]
[Black "Matschek,N"]
[Result "1-0"]
[WhiteElo "2137"]
[BlackElo "1825"]

1.e4 c5 2.Nf3 e6 3.d4 cxd4 4.Nxd4 a6 5.Nc3 Nc6 6.Nxc6 bxc6 7.Bd3 e5 8.O-O Bc5
9.Na4 Bd4 10.c3 Ba7 11.b3 Nf6 12.Ba3 Bb8 13.Bc2 d6 14.Qd3 O-O 15.Rad1 Re8
16.Bxd6 Ba7 17.Bc5 Qa5 18.Bxa7 Rxa7 19.Qe3 Rd7 20.Qb6 Qb5 21.Rxd7 Nxd7 22.Qe3 c5
23.Bd3 Qa5 24.Bc4 Bb7 25.Qd3 Bc6 26.Bxa6 Bxa4 27.bxa4 Qxa4 28.Bb5 c4 29.Qxd7  1-0

[Event "Open B"]
[Site "Djakovo CRO"]
[Date "2006.05.01"]
[Round "2"]
[White "Solic,K"]
[Black "Ramesa,D"]
[Result "1/2-1/2"]
[WhiteElo "2135"]
[BlackElo "2264"]

1.e4 c5 2.Nf3 e6 3.d4 cxd4 4.Nxd4 a6 5.Nc3 Qc7 6.g3 b5 7.Bg2 Bb7 8.O-O d6
9.Re1 Nf6 10.e5 dxe5 11.Bxb7 Qxb7 12.Rxe5 Nbd7 13.Re1 Bb4 14.Bd2 O-O 15.Qf3 Qxf3
16.Nxf3 Rac8 17.Rad1 Nb6 18.a3 Bxc3 19.Bxc3 Nfd5 20.Ne5 Nxc3 21.bxc3 Nd5
22.c4 bxc4 23.Rd4 c3 24.Ra4 Ra8 25.Rb1 Rfc8 26.Rb7 f6 27.Nd3 Rc7 28.Rxc7 Nxc7
29.Rc4 Nd5 30.Nb4 Nxb4 31.axb4 Rb8 32.Kf1 Kf7 33.Ke2 Rb5 34.Rxc3 Rxb4 35.Rc7+ Kg6
36.Rc6 a5 37.Rxe6  1/2-1/2

[Event "RC SPORT Open"]
[Site "Usti nad Orlici CZE"]
[Date "2006.05.01"]
[Round "4"]
[White "Folk,P"]
[Black "Kanovsky,D"]
[Result "1-0"]
[WhiteElo "2260"]
[BlackElo "2352"]

1.e4 c5 2.Nf3 e6 3.d4 cxd4 4.Nxd4 a6 5.Nc3 Qc7 6.Bd3 b5 7.O-O Bb7 8.Re1 d6
9.Bg5 Nd7 10.a3 Ngf6 11.Qf3 Be7 12.Qh3 h6 13.e5 Nxe5 14.Rxe5 hxg5 15.Qxh8+ Kd7
16.Qxg7 dxe5 17.Ndxb5 axb5 18.Bxb5+ Bc6 19.Rd1+ Nd5 20.Nxd5 exd5 21.Rxd5+ Ke6
22.Bxc6 Bf6 23.Rd7 Qxc6 24.Qxf7+ Kf5 25.Qh7+ Kf4 26.g3+ Kg4 27.h3+  1-0

[Event "RC SPORT Open"]
[Site "Usti nad Orlici CZE"]
[Date "2006.05.02"]
[Round "5"]
[White "Cerveny,P"]
[Black "Petr,Ma"]
[Result "1/2-1/2"]
[WhiteElo "2164"]
[BlackElo "2416"]

1.e4 c5 2.Nc3 e6 3.Nf3 a6 4.d4 cxd4 5.Nxd4 Qc7 6.Bd3 Nf6 7.O-O Nc6 8.Be3 Ne5
9.h3 b5 10.Qe2 Bb7 11.f4 Nxd3 12.cxd3 Be7 13.Rac1 Qb8 14.Nb3 O-O 15.Na5 Bb4
16.Nxb7 Qxb7 17.a3 Be7 18.Rc2 Rac8 19.Rfc1 d6 20.Nb1 Nd7 21.b4 Bf6 22.Qf3 Nb8
23.Bd4 Rxc2 24.Rxc2 Be7 25.Qg3 g6 26.Qe1 Rc8 27.Rxc8+ Qxc8 28.Qc3 Qxc3 29.Bxc3 Nc6
30.Nd2 Bh4 31.Nb3 Bg3 32.Bd2 Bh4 33.Bc3 Bd8 34.Kf2 Bb6+ 35.Kf3 f5 36.d4 Kf7
37.g4 Ne7 38.e5 Nd5 39.Bd2 Ke7 40.g5 dxe5 41.dxe5 Kd7 42.Ke2 Bg1 43.Kd3 Kc6
44.Nd4+ Bxd4 45.Kxd4 Nb6 46.Bc1 Nc4 47.a4 a5 48.bxa5 Nxa5 49.axb5+ Kxb5 50.Be3 Nc6+
51.Kc3 Nb4 52.Bd2 Nc6 53.Be3 Ne7 54.Kd4 Nd5 55.Bd2 Nc7 56.Be3 Ne8 57.Kd3 Ng7
58.Ke2 Kc6 59.Ba7 Ne8 60.Kd3 Nc7 61.Be3 Kd5 62.Bb6 Na6 63.Ba5 Nc5+ 64.Ke3 Kc4
65.Be1 Nd7 66.Ba5 Nb8 67.Bc7 Nc6 68.Bb6 Nb4 69.Ba5 Nd5+ 70.Kf3 Kd3 71.Be1 Ne3
72.Bf2 Nc2 73.Bc5 Na1 74.Ba7 Nb3 75.Be3 Na5 76.Bc5 Nc4 77.Bb4 Ne3 78.Ba5 Nc2
79.Bb6 Na3 80.Bc5 Nc2 81.Ba7 Ne1+ 82.Kf2 Kd2 83.Be3+ Kd1 84.Bb6 Nd3+ 85.Ke3 Nb4
86.Ba5 Nd5+ 87.Kf3 Kc2 88.Be1 Kc1 89.Bf2 Kd2 90.Bc5 Ke1 91.Ba7 Nc3 92.Bb6 Ne4
93.Bd4 Nd2+ 94.Ke3 Nb3 95.Bb6 Kf1 96.Kf3 Nd2+ 97.Kg3 Ke2 98.Ba7  1/2-1/2

[Event "Open B"]
[Site "Djakovo CRO"]
[Date "2006.05.03"]
[Round "5"]
[White "Mravunac,B"]
[Black "Ramesa,D"]
[Result "0-1"]
[WhiteElo "2140"]
[BlackElo "2264"]

1.e4 c5 2.Nf3 e6 3.d4 cxd4 4.Nxd4 a6 5.Nc3 Qc7 6.a3 b5 7.Bd2 Bb7 8.Bd3 Nf6
9.O-O Bc5 10.Nb3 Be7 11.f4 d6 12.Qe2 Nbd7 13.Rae1 e5 14.Rd1 O-O 15.g4 exf4
16.Rxf4 h6 17.Rdf1 Nh7 18.Nd5 Bxd5 19.exd5 Ne5 20.Bxh7+ Kxh7 21.Bc3 Bg5 22.Rf5 g6
23.R5f2 Rae8 24.Bd4 Kg8 25.Qd1 Qb7 26.Re2 Qxd5 27.Bxe5 Rxe5 28.Qxd5 Rxd5
29.Rff2 Kg7 30.Kg2 Rc8 31.h3 Bh4 32.Rf1 Rc7 33.Rf3 Re5  0-1

[Event "4th TCh-SCG"]
[Site "Vrnjacka Banja SCG"]
[Date "2006.05.05"]
[Round "5"]
[White "Ivanovic,B"]
[Black "Markus,R"]
[Result "1-0"]
[WhiteElo "2444"]
[BlackElo "2585"]

1.e4 c5 2.Nf3 e6 3.d4 cxd4 4.Nxd4 a6 5.Nc3 b5 6.Bd3 Bb7 7.O-O Nc6 8.Nxc6 Bxc6
9.Qe2 Qb8 10.Be3 Nf6 11.a3 Bd6 12.h3 Bh2+ 13.Kh1 Bf4 14.Rae1 h5 15.Qd2 Bxe3
16.Rxe3 b4 17.axb4 Qxb4 18.Rg3 Qd4 19.Re1 h4 20.Rg5 Kf8 21.e5 Nh5 22.Rg4 Qc5
23.b4 Qe7 24.Ne4 f5 25.exf6 Nxf6 26.Nxf6 gxf6 27.f3 Rh5 28.Bg6 Rg5 29.Rxg5 fxg5
30.Re5 Rb8 31.Rxg5 Rxb4 32.Rh5 Rb1+ 33.Kh2 Qf6 34.Qd6+ Kg7 35.Bd3 Rb7 36.Bxa6 Ra7
37.Bd3 Ra8 38.Be4 Bxe4 39.fxe4 Rf8 40.Qxd7+ Rf7 41.Qd2 Qf4+ 42.Qxf4 Rxf4
43.Rg5+ Kf6 44.Rg4 Ke5 45.Rxf4 Kxf4 46.g4 hxg3+ 47.Kg2 e5 48.h4 Kxe4 49.h5 Kf5
50.c4  1-0

[Event "President's Cup"]
[Site "Baku AZE"]
[Date "2006.05.06"]
[Round "3"]
[White "Dovliatov,S"]
[Black "Kekelidze,M"]
[Result "1-0"]
[WhiteElo "2429"]
[BlackElo "2520"]

1.e4 c5 2.Nf3 e6 3.d4 cxd4 4.Nxd4 a6 5.Nc3 b5 6.Bd3 Qb6 7.Nf3 Nc6 8.O-O Qb8
9.Re1 Bd6 10.Bg5 Ne5 11.Nxe5 Bxe5 12.Qh5 h6 13.Bd2 Ne7 14.a4 b4 15.Ne2 Nc6
16.Rab1 d6 17.f4 g6 18.Qh4 Bg7 19.f5 Ne5 20.f6 Qb6+ 21.Kh1 Bf8 22.Rf1 Bd7
23.Qe1 a5 24.b3 h5 25.Nf4 Bh6 26.Be3 Qb7 27.h3 Bxf4 28.Bxf4 Nxd3 29.cxd3 e5
30.Be3 Be6 31.Qf2 Kd7 32.Rfd1 Rhc8 33.Qf3 Rc3 34.d4 Bxb3 35.Rxb3 Rxb3 36.dxe5 Ra6
37.Qf4 Qc8 38.exd6 Qc2 39.Rd2 Qc3 40.Bd4 Qg3 41.Qf1 Rc6 42.Bg1 Qe5 43.Rd5 Qxe4
44.Rxa5 Rxh3+ 45.Bh2 Rhc3 46.Ra7+ Kd8 47.Bf4 R3c4 48.Bg5 Rxd6 49.Rxf7 Rcd4
50.Ra7 Kc8 51.f7 Rd8 52.f8=Q Rd1 53.Qxd1 Rxf8 54.Qd7+  1-0

[Event "XI Ivan Cvitanovic mem"]
[Site "Split CRO"]
[Date "2006.05.06"]
[Round "8"]
[White "Plenkovic,Z"]
[Black "Horvath,Cs1"]
[Result "1-0"]
[WhiteElo "2278"]
[BlackElo "2545"]

1.Nf3 c5 2.e4 e6 3.d4 cxd4 4.Nxd4 a6 5.Nc3 Qc7 6.Be3 Nf6 7.f3 Bb4 8.Qd2 d5
9.O-O-O e5 10.exd5 exd4 11.Bxd4 Nbd7 12.Qe3+ Kf8 13.Bd3 Bd6 14.g3 h6 15.Rhe1 Nc5
16.Ne4 Ncxe4 17.Bxe4 Bd7 18.Bb6 Qc4 19.Kb1 Re8 20.Rd4 Qc8 21.Qb3 Qb8 22.Ka1 g6
23.c4 Be5 24.Rdd1 Nxe4 25.Rxe4 Bf6 26.Qa3+ Kg7 27.Rf4 Bf5 28.d6 Re2 29.d7 Rd8
30.Bxd8 Qxd8 31.Rxf5 gxf5 32.Qb3 b6 33.f4 Rxh2 34.Rd6 Bxb2+ 35.Kb1 Kf8 36.Qd1 Ke7
37.Rd3 Kf6 38.Re3 Kg7 39.Re8 Rh1 40.Qxh1 Qxd7 41.Re3 Qd2 42.Qe1 Qd4 43.Rb3 Ba1
44.Qe5+ Qxe5 45.fxe5 Bd4 46.Kc2 Kg6 47.Kd3 Bc5 48.Ke2 Kg5 49.Kf3 Bd4 50.Rb1 a5
51.Re1 Bc5 52.Rd1 Bb4 53.Rd8 Kg6 54.Rg8+ Kh7 55.Rb8 Bc5 56.Kf4 Kg6 57.Rc8 Bf2
58.Rc6+ Kg7 59.Kxf5 h5 60.Kf4 Kg8 61.Rh6  1-0

[Event "President's Cup"]
[Site "Baku AZE"]
[Date "2006.05.10"]
[Round "7"]
[White "Dovliatov,S"]
[Black "Pantsulaia,L"]
[Result "1-0"]
[WhiteElo "2429"]
[BlackElo "2611"]

1.e4 c5 2.Nf3 e6 3.d4 cxd4 4.Nxd4 a6 5.Nc3 b5 6.Bd3 Qb6 7.Nb3 Qc7 8.Be3 Nf6
9.f4 Bb7 10.O-O Be7 11.e5 Nd5 12.Nxd5 Bxd5 13.Qg4 g6 14.Rac1 O-O 15.Nd2 Bc5
16.Qe2 Qb6 17.Bxc5 Qxc5+ 18.Kh1 Nc6 19.Ne4 Bxe4 20.Bxe4 d5 21.exd6 Rad8 22.c4 Nd4
23.Qd3 b4 24.Qe3 Rxd6 25.g4 Rfd8 26.Bg2 R6d7 27.f5 exf5 28.gxf5 Re7 29.Qg5 Rdd7
30.Bd5 Re5 31.Rce1 Rxe1 32.Rxe1 Nxf5 33.Qf6 Re7 34.Re5 b3 35.a3  1-0

[Event "Geller Mem"]
[Site "Moscow RUS"]
[Date "2006.05.10"]
[Round "10"]
[White "Granovski,A"]
[Black "Dvalishvili,P"]
[Result "1/2-1/2"]
[WhiteElo "2372"]
[BlackElo "2455"]

1.e4 c5 2.Nf3 e6 3.d4 cxd4 4.Nxd4 a6 5.Nc3 b5 6.Be3 Bb7 7.f3 b4 8.Na4 d5
9.exd5 Bxd5 10.c4 bxc3 11.Nxc3 Nf6 12.Be2 Nbd7 13.O-O Bc5 14.Qd2 O-O 15.Rac1 Bb7
16.Rfd1 Qb8 17.Nc2 Be7 18.Bf4 Qa7+ 19.Be3 Qb8 20.Bf4 Qa7+ 21.Be3  1/2-1/2

[Event "1st Open"]
[Site "Sofia BUL"]
[Date "2006.05.11"]
[Round "1"]
[White "Vladimirova,M"]
[Black "Spassov,L"]
[Result "1/2-1/2"]
[WhiteElo "1889"]
[BlackElo "2402"]

1.e4 c5 2.Nf3 e6 3.d4 cxd4 4.Nxd4 a6 5.Nc3 b5 6.Bd3 Bb7 7.O-O Nc6 8.Nb3 Nf6
9.Be3 d6 10.f4 Be7 11.h3 O-O 12.g4 Nb4 13.g5 Nd7 14.Qe1 Re8 15.Qg3 Nxd3 16.cxd3 b4
17.Nd1 e5 18.f5 Bf8 19.f6 d5 20.Nf2 Kh8 21.Ng4 dxe4 22.fxg7+ Bxg7 23.Rxf7 Re7
24.Raf1 Qe8 25.g6 Nf8 26.Rxe7 Qxe7 27.Rf7 Qd6 28.Rxb7 Qxg6 29.Rb6 Qh5 30.dxe4 Rd8
31.Nf2 Qe2 32.Rb7 Ng6 33.Rc7 Rg8 34.Nc1 Qe1+ 35.Kh2 Nf4 36.Bxf4 exf4 37.Qxf4 Bd4
38.Rxh7+ Kxh7 39.Qf7+ Kh8 40.Qh5+ Kg7 41.Qg5+ Kf7 42.Qd5+ Kf8 43.Qd6+ Kf7
44.Qd5+ Kf8 45.Qd8+ Kf7  1/2-1/2

[Event "ch-UKR sf"]
[Site "Alushta UKR"]
[Date "2006.05.13"]
[Round "1"]
[White "Zinchenko,Ya"]
[Black "Luzhinsky,V"]
[Result "1-0"]
[WhiteElo "2499"]
[BlackElo "2231"]

1.e4 c5 2.Nf3 e6 3.d4 cxd4 4.Nxd4 a6 5.Nc3 Qc7 6.Bd3 Nf6 7.O-O Nc6 8.Nxc6 bxc6
9.f4 d5 10.Qe2 Bb7 11.Bd2 Be7 12.Rae1 O-O 13.e5 Nd7 14.f5 exf5 15.Bxf5 Rae8
16.Kh1 Nc5 17.Qg4 Kh8 18.Rf3 Bc8 19.Rh3 Bxf5 20.Qxf5 g6 21.Qf2 Ne6 22.Bh6 f5
23.exf6 Rxf6 24.Qe2 Bf8 25.Bd2 Ng7 26.Re3 Rfe6 27.Rxe6 Rxe6 28.Qxa6 Rxe1+
29.Bxe1 Nf5 30.Qe2 Bd6 31.g4 Nd4 32.Qf2 Qg7 33.Ne2 Ne6 34.Bc3 Be5 35.a4 Bxc3
36.Nxc3 Qe5 37.a5 d4 38.Qe2 Qxa5 39.Qxe6 dxc3 40.Qd6 Kg8 41.Qe6+ Kf8 42.Qf6+ Kg8
43.Qxc3 Qxc3 44.bxc3 Kf7 45.Kg2 Ke6 46.Kf3 Kd5 47.Kf4 Kc4 48.Kg5 Kxc3 49.Kh6 Kxc2
50.Kxh7 c5 51.Kxg6 c4 52.g5 c3 53.Kh5 Kd3 54.g6 c2 55.g7 c1=Q 56.g8=Q Qc5+
57.Qg5 Qf8 58.Kg4 Kc3 59.h4 Qc8+ 60.Qf5 Qg8+ 61.Kf3 Qg1 62.Qe5+ Kb4 63.h5 Qh1+
64.Kg4 Qg2+ 65.Kh4 Qh1+ 66.Kg4 Qg2+ 67.Qg3 Qe2+ 68.Kh4 Qe7+ 69.Kh3 Qh7 70.Qg6 Qe7
71.Qg4+ Kc3 72.h6 Kd2 73.Qf4+ Kd1 74.Qd4+ Kc1 75.Qc4+ Kd2 76.Qf4+ Kc2 77.Kg4 Kc3
78.Qf5 Kb2 79.h7 Qg7+ 80.Kh5 Ka3 81.Qd3+ Kb2 82.Qg6 Qe5+ 83.Qg5 Qe8+ 84.Kh6 Qe6+
85.Kg7 Qd7+ 86.Kg6 Qe8+ 87.Kh6 Qe6+ 88.Kh5 Qh3+ 89.Kg6 Qd3+ 90.Qf5 Qg3+ 91.Qg5 Qd3+
92.Qf5 Qg3+ 93.Kf7 Qb3+ 94.Qe6 Qb7+ 95.Kg8 Qa8+ 96.Kg7 Qb7+ 97.Qf7 Qg2+ 98.Qg6 Qb7+
99.Qf7 Qg2+ 100.Qg6 Qb7+ 101.Kh8 Qa8+ 102.Qg8 Qc6 103.Qb8+ Kc1 104.Qf4+ Kd1
105.Qd4+ Kc1 106.Qf4+ Kd1 107.Kg7 Qd7+ 108.Kh6 Qe6+ 109.Kg7 Qd7+ 110.Qf7 Qg4+
111.Kh6  1-0

[Event "ch-St Petersburg w"]
[Site "St Petersburg RUS"]
[Date "2006.05.13"]
[Round "1"]
[White "Sudakova,I"]
[Black "Sirotkina,N"]
[Result "0-1"]
[WhiteElo "2391"]
[BlackElo "2277"]

1.e4 c5 2.Nf3 e6 3.d4 cxd4 4.Nxd4 a6 5.Nc3 Qc7 6.Be2 b5 7.O-O Bb7 8.Re1 d6
9.Bg5 Nd7 10.Nd5 exd5 11.exd5 Be7 12.Bh5 g6 13.f4 gxh5 14.Nf5 O-O-O 15.Bxe7 Nxe7
16.Rxe7 Qc5+ 17.Kh1 Nf6 18.Rxf7 Nxd5 19.Qf3 Nc7 20.Qxh5 Kb8 21.Ng3 Qxc2 22.Rg1 Rde8
23.Qh3 h5 24.Rg7 Re3 25.f5 Qxb2 26.f6 Qxf6 27.Qd7 Qd8 28.Qf7 Bd5 29.Qf2 Re7
30.Rxe7 Qxe7 31.Qb6+ Bb7 32.Nf5 Qe4 33.Nxd6 Qc6 34.Qxc6 Bxc6 35.Rf1 Rd8 36.Nf5 Rd2
37.Nh4 Rxa2 38.Kg1 b4 39.Rf8+ Kb7 40.Nf5 Rxg2+ 41.Kf1 Rxh2  0-1

[Event "ch-UKR sf"]
[Site "Alushta UKR"]
[Date "2006.05.20"]
[Round "8"]
[White "Tarlev,K"]
[Black "Zubov,A UKR"]
[Result "1/2-1/2"]
[WhiteElo "2419"]
[BlackElo "2537"]

1.e4 c5 2.Nf3 e6 3.d4 cxd4 4.Nxd4 a6 5.Nc3 Qc7 6.g3 Bb4 7.Ne2 Nf6 8.Bg2 Nc6
9.Bf4 d6 10.a3 Bxc3+ 11.Nxc3 e5 12.Bg5 Be6 13.O-O Ne7 14.Bxf6 gxf6 15.Qf3 f5
16.exf5 Nxf5 17.Qxb7 Qxb7 18.Bxb7 Rb8 19.Bxa6 Nd4 20.Rab1 Nf3+ 21.Kg2 Nd2
22.b4 Nxf1  1/2-1/2

[Event "3rd All-China Games"]
[Site "Suzhou CHN"]
[Date "2006.05.20"]
[Round "1"]
[White "Wang Pin"]
[Black "Xu Jun"]
[Result "1/2-1/2"]
[WhiteElo "2393"]
[BlackElo "2591"]

1.e4 c5 2.Nf3 e6 3.d4 cxd4 4.Nxd4 a6 5.Nc3 b5 6.Bd3 Qb6 7.Nb3 Qc7 8.O-O Nf6
9.f4 Bb7 10.e5 Nd5 11.Ne4 Nc6 12.Kh1 Ncb4 13.Bd2 Be7 14.a3 Nxd3 15.cxd3 O-O
16.Rc1 Qb8 17.Nec5 Bc8 18.Na5 Ra7 19.b4 g6 20.Qf3 Qa8 21.Qh3 Rc7 22.Qh6 f5
23.Ncb3 Bb7 24.Rxc7 Nxc7 25.Nxb7 Qxb7 26.Rc1 Qd5 27.Rc3 Na8 28.Be3 d6 29.Bd4 Qb7
30.exd6 Bxd6 31.Nc5 Bxc5 32.Rxc5 Nb6 33.Rc6 Rc8 34.Rxc8+ Nxc8 35.Qg5 Qe7
36.Qg3 Qd7 37.Qe3 Qd5 38.h3 Ne7 39.Bf6 Kf7 40.Bc3 Nc8 41.Kh2 Ne7 42.Bb2 h5
43.Ba1 Qa2 44.Qe5 Qxa3 45.Bc3 Qb3 46.Qf6+ Ke8 47.Be5 Kd7 48.Bc3 Qd5 49.Bd4 Qd6
50.Bc5 Qxf4+ 51.Kg1 Qc1+ 52.Kh2 Qf4+ 53.Kg1 Qc1+ 54.Kh2 Qf4+ 55.Kg1  1/2-1/2

[Event "ch-UKR sf"]
[Site "Alushta UKR"]
[Date "2006.05.21"]
[Round "9"]
[White "Kruglyakov,P"]
[Black "Odnorozhenko,E"]
[Result "1/2-1/2"]
[WhiteElo "2300"]
[BlackElo "2223"]

1.e4 c5 2.Nf3 e6 3.d4 cxd4 4.Nxd4 a6 5.Nc3 Qc7 6.Bd3 Nf6 7.O-O d6 8.f4 Be7
9.Kh1 b5 10.e5 dxe5 11.fxe5 Qxe5 12.Bf4 Qc5 13.Qf3 Qa7 14.Ndxb5 axb5 15.Nxb5 Bb7
16.Qg3 Nh5 17.Nxa7 Nxg3+ 18.Bxg3 O-O 19.Nb5 Bf6 20.c3 Rd8 21.Nd6 Bd5 22.a4 Nd7
23.Ne4 Be7 24.a5 f5 25.Nf2 Nc5 26.Bb5 Nb3 27.Ra4 Nd2 28.Re1 Bb3 29.Raa1 Bf6
30.a6 Bc4 31.Bxc4 Nxc4 32.Rxe6 Nxb2 33.Rc6 Rd2 34.Kg1 Rc2 35.a7 Bd4 36.Kf1 f4
37.Rc8+ Rxc8 38.a8=Q Rxa8 39.Rxa8+ Kf7 40.cxd4 fxg3 41.hxg3 Rd2 42.Ra7+ Kg6
43.Rd7 Nd3 44.Ne4 Rb2 45.Rd5 h6 46.Nc5 Nxc5 47.dxc5 Rc2 48.Kg1 Kf6 49.Kh2 Ke6
50.Rd6+ Ke7 51.Rg6 Rxc5 52.Rxg7+ Ke8 53.Kh3 Kf8 54.Rg6 Kf7 55.Rxh6 Kg7 56.Ra6 Rb5
57.g4 Rc5 58.Kh4 Rb5 59.g5 Rb1 60.Ra7+ Kg6 61.Ra6+ Kg7 62.Kh5 Rh1+ 63.Kg4 Rc1
64.g3 Rb1 65.Ra4 Kg6 66.Rf4 Ra1 67.Rf6+ Kg7 68.Kf5 Ra5+  1/2-1/2

[Event "3rd All-China Games"]
[Site "Suzhou CHN"]
[Date "2006.05.22"]
[Round "5"]
[White "Wang Hao"]
[Black "Lin Chen"]
[Result "1-0"]
[WhiteElo "2605"]
[BlackElo "2361"]

1.e4 c5 2.Nf3 e6 3.d4 cxd4 4.Nxd4 a6 5.Nc3 Qc7 6.Be2 b5 7.O-O Bb7 8.Re1 d6
9.Bh5 g6 10.Bf3 Nd7 11.a4 bxa4 12.Rxa4 Be7 13.Nb3 Ngf6 14.Na5 Ne5 15.Bh6 Nfd7
16.Be2 Nc5 17.Ra3 g5 18.Nxb7 Qxb7 19.Bg7 Rg8 20.Bxe5 dxe5 21.Qa1 Kf8 22.Rb1 Qb4
23.Na2 Qd2 24.Re3 a5 25.b3 Qd6 26.Nc3 Kg7 27.Nb5 Qb8 28.Qc3 Rc8 29.Qe1 Qb6
30.Na3 Nb7 31.Nc4 Qc7 32.Bd3 Rd8 33.Qe2 Bc5 34.Rg3 f6 35.h4 h6 36.Kh1 Bd4
37.Nd2 Qb6 38.Rf1 Rh8 39.Bc4 Kf7 40.Nf3 Bc5 41.Kg1 Ke7 42.Nh2 Rag8 43.Qh5 Nd6
44.Bd3 Bd4 45.Ng4 gxh4 46.Qxh4 Ne8 47.Bc4 Rg5 48.Kh1 Rhg8 49.Nxh6 Rxg3 50.fxg3 Rg7
51.Ng4 Rf7 52.Nh6 Rf8 53.Ng4 Rf7 54.Qh8 Rf8 55.Qh3 Rf7 56.Rf3 Qc6 57.c3 Bb6
58.Nh6 Rg7 59.Kh2 a4 60.Bxe6 Qxe6 61.Nf5+ Kf7 62.Nxg7 Nxg7 63.bxa4 Qc6 64.Qh4 Ne8
65.Qh7+ Kf8 66.g4 Qc7 67.Qh8+ Ke7 68.g5 fxg5 69.Qf8+ Kd8 70.Rd3+ Bd4 71.cxd4 exd4+
72.Kg1 Qc4 73.Qa3  1-0

[Event "3rd All-China Games"]
[Site "Suzhou CHN"]
[Date "2006.05.24"]
[Round "7"]
[White "Zhou Weiqi"]
[Black "Lin Chen"]
[Result "1-0"]
[WhiteElo "2433"]
[BlackElo "2361"]

1.e4 c5 2.Nf3 e6 3.Nc3 a6 4.d4 cxd4 5.Nxd4 Qc7 6.Bd3 Nc6 7.Nf3 Nf6 8.O-O d6
9.b3 Be7 10.Bb2 O-O 11.Re1 b6 12.Ne2 Bb7 13.Qd2 Ne5 14.Ned4 Nfd7 15.Nxe5 Nxe5
16.f4 Nxd3 17.cxd3 Rac8 18.Kh1 Bf6 19.Rac1 Qb8 20.Ne2 Bxb2 21.Qxb2 Rxc1 22.Rxc1 Rc8
23.Kg1 a5 24.Kf2 Rc5 25.Ke3 Kf8 26.g3 h6 27.a3 Qc7 28.b4 axb4 29.axb4 Rxc1
30.Qxc1 Qxc1+ 31.Nxc1 Ke7 32.Ne2 g5 33.fxg5 hxg5 34.h4 gxh4 35.gxh4 Kf6 36.d4 Kg6
37.Nf4+ Kf6 38.Nh5+ Kg6 39.Nf4+ Kg7 40.e5 d5 41.Nh5+ Kg6 42.Nf6 Kf5 43.b5 Bc8
44.Kf3 Kg6 45.Kg4 Kh6 46.h5  1-0

[Event "37th Olympiad w"]
[Site "Turin ITA"]
[Date "2006.05.27"]
[Round "6"]
[White "Hernandez,Z"]
[Black "Bellin,J"]
[Result "1-0"]
[WhiteElo "2046"]
[BlackElo "2170"]

1.e4 c5 2.Nf3 e6 3.d4 cxd4 4.Nxd4 a6 5.Nc3 Qc7 6.g3 Bb4 7.Ne2 Nf6 8.Bg2 Be7
9.O-O Nc6 10.Nd4 O-O 11.Re1 d6 12.a4 Na5 13.Nb3 Rb8 14.Nxa5 Qxa5 15.Bf4 Rd8
16.Qe2 Nd7 17.Be3 Bf6 18.Bd2 Qc7 19.f4 b6 20.Ra3 Bb7 21.Be3 Rdc8 22.Qd2 Be7
23.Raa1 Bc6 24.Bd4 Bf6 25.Rad1 e5 26.Be3 Be7 27.Bh3 Rd8 28.Qf2 Nf6 29.Nd5 Nxd5
30.exd5 Bxa4 31.b3 Bd7 32.Bg2 Bf6 33.fxe5 Bxe5 34.Bd4 Bxd4 35.Rxd4 Rbc8 36.Rc4 Qb7
37.Re7 f6 38.Bh3 Rxc4 39.bxc4 Kf8 40.Rxd7 Rxd7 41.Bxd7 Qxd7 42.Qxb6 Qe7 43.Kf2 Qe5
44.Qxa6 Qd4+ 45.Ke2 Qe5+ 46.Kd3 Kf7 47.Qc8 f5 48.Qd7+ Kf6 49.Qd8+ Kg6 50.Qh4 Qe1
51.Qf4 Qd1+ 52.Kc3 Qa1+ 53.Kd2 Qa5+ 54.Ke2 Qc5 55.h4 h6 56.h5+ Kf6 57.g4 Qc8
58.Qxd6+ Kg5 59.Qg6+ Kf4 60.Qxf5+ Qxf5 61.gxf5 Kxf5 62.d6  1-0

[Event "28th Nezhmetdinov mem"]
[Site "Kazan RUS"]
[Date "2006.06.01"]
[Round "1"]
[White "Bezgodov,A"]
[Black "Baharev,V"]
[Result "1-0"]
[WhiteElo "2554"]
[BlackElo "2265"]

1.e4 c5 2.Nf3 e6 3.d4 cxd4 4.Nxd4 a6 5.Nc3 Nc6 6.Be2 Qc7 7.O-O b5 8.Nxc6 dxc6
9.f4 Bb7 10.f5 Bd6 11.e5 Bxe5 12.fxe6 Bxh2+ 13.Kh1 fxe6 14.Ne4 Be5 15.Bg5 Ne7
16.Bh5+ g6 17.Qg4 Nf5 18.Rxf5 exf5 19.Qxf5 Bc8 20.Nf6+ Kf7 21.Nd7+ Kg7 22.Bf6+ Bxf6
23.Qxf6+ Kh6 24.Ne5 Be6 25.Bxg6 Qd8 26.Qxe6 Qh4+ 27.Kg1 Qd4+ 28.Kf1 Rhf8+
29.Bf5+  1-0